000 00599nam a22002172 4500
001 0000013572
005 20151217152126.0
008 090924s xx 000 0 eng d
020 _a0321398114 :
040 _aKABU
_cKABU
100 1 _aAngel, Edward.
_@0000171022
245 1 0 _aOpenGL :
_ba primer /
_cEdward Angel.
250 _a3rd ed.
260 _aBoston :
_bPearson,
_c2008.
300 _axvii, 277 p.
650 0 _aComputer graphics.
_@0000146527
650 0 _aOpenGL.
_@0000168310
852 1 _9p1949 KES
908 _a090924
950 _@1
999 _c8526
_d8526